000 00950nam a2200265Ia 4500
003 OSt
005 20221005112612.0
006 a|||||r|||| 00| 0
007 ta
008 221004b |||||||| |||| 00| 0 pan d
020 _cINR 295.00
024 _a66183
037 _b1205, 02/03/2020, H.K. Prakashan
_cTextual
040 _aCRL
_cCRL
_bpan
041 _2pan
_apan
082 _aO153,1NSA:g, Q9
100 _aਕੌਰ, ਕਿਰਨ, ਂਚ.
245 0 _aਰਵਿੰਦਰ ਸਹਿਰਾਅ-ਕਾਵਿ
_b ਰੂਪਗਤ ਪਰਿਪੇਖ
260 _aਚੰਡੀਗੜ੍ਹ
_bਲੋਕਗੀਤ ਪ੍ਰਕਾFਨ ਭਾਰਤ
_c2019
300 _a117ਪ੍ਰ0
_ccm.
650 _a ਪੰਜਾਬੀ ਕਾਵਿ
650 _aਪੰਜਾਬੀ ਸਾਹਿਤ
942 _hO153,1NSA:g, Q9
_cTEXL
_2cc
999 _c1025401
_d1025401